000 00690nam a2200229 i 4500
001 C2-0305841
003 PPAK
005 20180728091234.0
008 100905s1985 my |||| ||||| | may d
040 _aPPAK
_beng
_cPPAK
_erda
082 0 4 _a297.122
_223
090 0 0 _a297.122
_bQUR
_dKMN
245 0 0 _aAl-Quran dan sejarahnya
264 1 _aKota Bahru, Kelantan :
_bMajlis Agama Islam dan Adat Istiadat Melayu Kelantan ,
_c[1985]
300 _a65 pages ;
_c19 cm
336 _2rdacontent
_atext
337 _2rdamedia
_aunmediated
338 _2rdacarrier
_avolume
500 _aText in Jawi.
650 1 0 _aKoran - History. ; Koran - Criticism, interpretation, etc.
942 _ddc
_cB
999 _c108831
_d108831